000 01176cam a2200337 a 4500
001 16309968
003 OSt
005 20180124122652.0
008 100630s2012 maua 000 0 eng
010 _a 2010931614
020 _a9780495913504 (alk. paper)
020 _a0495913502
040 _aDLC
_cDLC
_dDLC
042 _apcc
050 0 0 _aLB1049
_b.W62 2012
082 0 0 _a371.3028/1
_223
100 1 _aWong, Linda.
245 1 0 _aEssential study skills /
_cLinda Wong.
250 _a7th ed.
260 _aBoston, MA :
_bWadsworth Cengage Learning,
_cc2012.
300 _a1 v. (various pagings) :
_bill. ;
_c26 cm.
500 _aIncludes index.
650 0 _aStudy skills.
650 0 _aLearning, Psychology of.
856 4 2 _3Contributor biographical information
_uhttp://www.loc.gov/catdir/enhancements/fy1303/2010931614-b.html
856 4 2 _3Publisher description
_uhttp://www.loc.gov/catdir/enhancements/fy1303/2010931614-d.html
856 4 1 _3Table of contents only
_uhttp://www.loc.gov/catdir/enhancements/fy1303/2010931614-t.html
906 _a7
_bcbc
_corignew
_d2
_eepcn
_f20
_gy-gencatlg
942 _2lcc
_cBK
999 _c51909
_d51909